<?xml version="1.0" encoding="UTF-8"?>
<collection xmlns="http://www.loc.gov/MARC21/slim">
 <record>
  <leader>01291nam a22002417a 4500</leader>
  <controlfield tag="001">NCT_4_023031</controlfield>
  <controlfield tag="008">240529b        xxu||||| |||| 00| 0 vie d</controlfield>
  <datafield tag="999" ind1=" " ind2=" ">
   <subfield code="c">9128</subfield>
   <subfield code="d">9128</subfield>
  </datafield>
  <datafield tag="020" ind1=" " ind2=" ">
   <subfield code="a">9781405852203</subfield>
  </datafield>
  <datafield tag="082" ind1="0" ind2="4">
   <subfield code="2">23rd ed.</subfield>
   <subfield code="a">428</subfield>
   <subfield code="b">D548</subfield>
  </datafield>
  <datafield tag="100" ind1="1" ind2="0">
   <subfield code="a">Dickens, Charles</subfield>
  </datafield>
  <datafield tag="245" ind1="1" ind2="0">
   <subfield code="a">Nicholas Nickleby</subfield>
   <subfield code="n">Level 4</subfield>
   <subfield code="c">Charles Dickens ; Chris Rice (Retold) ; Andy Hopkins, Jocelyn Potter (Series Editor)</subfield>
  </datafield>
  <datafield tag="260" ind1=" " ind2=" ">
   <subfield code="a">England</subfield>
   <subfield code="b">Pearson Education Ltd</subfield>
   <subfield code="c">2007</subfield>
  </datafield>
  <datafield tag="300" ind1=" " ind2=" ">
   <subfield code="a">iv, 76 p.</subfield>
   <subfield code="b">ill.</subfield>
   <subfield code="c">21 cm</subfield>
  </datafield>
  <datafield tag="490" ind1="0" ind2=" ">
   <subfield code="a">Penguin Active Reading</subfield>
  </datafield>
  <datafield tag="520" ind1="3" ind2=" ">
   <subfield code="a">Nicholas Nickleby is a novel about a young man who must support his family after his father's death. He works at a cruel boarding school but eventually escapes and tries various jobs. Along the way, Nicholas defends the helpless, confronts corrupt relatives, and fights for justice. With courage and kindness, he overcomes hardships and finds happiness for himself and his loved ones.</subfield>
  </datafield>
  <datafield tag="653" ind1=" " ind2=" ">
   <subfield code="a">Tham khảo</subfield>
  </datafield>
  <datafield tag="700" ind1="1" ind2=" ">
   <subfield code="a">Rice, Chris </subfield>
   <subfield code="e">Retold</subfield>
  </datafield>
  <datafield tag="700" ind1="1" ind2=" ">
   <subfield code="a">Hopkins, Andy </subfield>
   <subfield code="e">Series Editor</subfield>
  </datafield>
  <datafield tag="700" ind1="1" ind2=" ">
   <subfield code="a">Potter, Jocelyn  </subfield>
   <subfield code="e">Series Editor</subfield>
  </datafield>
  <datafield tag="942" ind1=" " ind2=" ">
   <subfield code="2">ddc</subfield>
   <subfield code="c">BK</subfield>
  </datafield>
  <datafield tag="952" ind1=" " ind2=" ">
   <subfield code="0">0</subfield>
   <subfield code="1">0</subfield>
   <subfield code="2">ddc</subfield>
   <subfield code="4">0</subfield>
   <subfield code="6">428_000000000000000_D548</subfield>
   <subfield code="7">0</subfield>
   <subfield code="9">30971</subfield>
   <subfield code="a">000001</subfield>
   <subfield code="b">000001</subfield>
   <subfield code="d">2025-06-26</subfield>
   <subfield code="o">428 D548</subfield>
   <subfield code="p">TK.01041</subfield>
   <subfield code="r">2025-06-26</subfield>
   <subfield code="w">2025-06-26</subfield>
   <subfield code="y">BK</subfield>
  </datafield>
  <datafield tag="980" ind1=" " ind2=" ">
   <subfield code="a">Thư viện Trường Đại học Nam Cần Thơ</subfield>
  </datafield>
 </record>
</collection>
